Transient electric currents / (Record no. 181119)

000 -LEADER
fixed length control field 00874 a2200181 4500
003 - CONTROL NUMBER IDENTIFIER
control field Nust
005 - DATE AND TIME OF LATEST TRANSACTION
control field 20221118091719.0
040 ## - CATALOGING SOURCE
Transcribing agency Nust
082 ## - DEWEY DECIMAL CLASSIFICATION NUMBER
Classification number 621.3744,SKI
245 ## - TITLE STATEMENT
Title Transient electric currents /
Statement of responsibility, etc. Hugh Hildreth Skilling
250 ## - EDITION STATEMENT
Edition statement 2nd ed. /
260 ## - PUBLICATION, DISTRIBUTION, ETC.
Place of publication, distribution, etc. McGraw-Hill
Name of publisher, distributor, etc. New York, London
Date of publication, distribution, etc. 1952
300 ## - PHYSICAL DESCRIPTION
Extent xiii, 349 p
Other physical details illus
Dimensions diagrs
Accompanying material 24 cm
505 ## - FORMATTED CONTENTS NOTE
Formatted contents note Introduction (Page-1), The Behavior of Condensers (Page-11), The Behavior of Condensers (Page-34), The Circuit Equations (Page-57), The Complete Single Circuit (Page-75), Networks (Page-127), Response to Alternating Voltage (Page-185), Coupled Resonant Circuits (Page-220), Circuits with Variables Parameters (Page-239), Traveling Waves (Page-262), Laplace Transformation (Page-306).
600 ## - SUBJECT ADDED ENTRY--PERSONAL NAME
Personal name Hugh Hildreth Skilling
9 (RLIN) 102998
650 ## - SUBJECT ADDED ENTRY--TOPICAL TERM
Topical term or geographic name entry element Transient electric currents
9 (RLIN) 102999
942 ## - ADDED ENTRY ELEMENTS (KOHA)
Source of classification or shelving scheme
Koha item type Book
Holdings
Withdrawn status Lost status Source of classification or shelving scheme Damaged status Not for loan Permanent Location Current Location Shelving location Date acquired Full call number Barcode Date last seen Price effective from Koha item type Public note Total Checkouts
          Military College of Signals (MCS) Military College of Signals (MCS) General Stacks 12/12/2016 621.3744,SKI MCS5299 12/08/2016 12/12/2016 Book Almirah No.30, Shelf No.5  
          Military College of Signals (MCS) Military College of Signals (MCS) General Stacks 11/18/2022 621.3744,SKI MCS6208 11/18/2022 11/18/2022 Book Almirah No.30, Shelf No.5  
© 2023 Central Library, National University of Sciences and Technology. All Rights Reserved.